00618nam a2200193 i 450000100060000000300090000600500170001500700030003200800410003510000310007624500900010725000120019726000320020930000300024149000460027165000400031783000460035785200210040343527ES-MaACL20230906160822.0t|030318s1978 sp a |||| | spa d1 aCastro Vicente, Miguel de.10aElectricidad del automóvil b: encendido y accesorios / cMiguel de Castro Vicente. a8ª ed. aBarcelona : bCeac, c1978. a493 p. : bil. ; c24 cm.1 aEnciclopedia Ceac del motor y automóvil 4aAutomóviles-xEquipo eléctrico.0 aEnciclopedia Ceac del motor y automóvil aES-MaACLjA-9938